ბათუმის შოთა რუსთაველის სახელმწიფო უნივერსიტეტის ბიბლიოთეკა

საერთაშორისო საჯარო სამართლის პრინციპები : (ბიბ.ჩანაწერი № 50462)

000 -ლიდერი
ფიქსირებული სიგრძის საკონტროლო ველი 01863nam a2200313Ia 4500
001 - საკონტროლო ნომერი
საკონტროლო ველი 17408
003 - საკონტროლო ნომრის იდენტიფიკატორი
საკონტროლო ველი GE_BSU
005 - ბოლო ოპერაციის თარიღი და დრო
საკონტროლო ველი 20200212163441.0
008 - ფიქსირებული სიგრძის მონაცემთა ელემენტები - ზოგადი ინფორმაცია
ფიქსირებული სიგრძის საკონტროლო ველი 181216s2010 xx |||||||||||||| ||geo||
020 ## - წიგნის საერთაშორისო სტანდარტული ნომერი
International Standard Book Number 9789941011146
040 ## - კატალოგიზაციის წყარო
Transcribing agency GE_BSU
041 ## - ენის კოდი
Language code of text/sound track or separate title geo
080 ## - უნივერსალური ათობითი კლასიფიკაციის ინდექსი
Universal Decimal Classification number 341.1/8 ბ-91
100 ## - მთავარი ჩანაწერი - პიროვნების სახელი
Personal name ბრაუნლი, იან.
9 (RLIN) 7011
245 ## - ცნობა სათაურის შესახებ
Title საერთაშორისო საჯარო სამართლის პრინციპები :
Remainder of title [სახელმძღვ.] /
Statement of responsibility, etc იან ბრაუნლი ; თარგმანი: გიორგი კუკულავა ; სალომე მეუნარგია ; ეკა სირაძე ; ერეკლე გლურჯიძე ; რედ. თინათინ ხიდაშელი.
250 ## - გამოცემის ცნობა
Edition statement მე-7 გამოცემა
264 ## - წარმოების, გამოცემის, დისტრიბუციის და სხვა ცნობები
გამოცემის, წარმოების, დისტრიბუციის... ადგილი თბილისი :
გამოცემის, წარმოების, დისტრიბუციის... სახელწოდება საია-ს იურიდ. განათლ. ხელშეწყობის ფონდი,
გამოცემის, წარმოების, დისტრიბუციის... თარიღი 2010
300 ## - ფიზიკური აღწერა
Extent 823 გვ;
Dimensions 24 სმ.
504 ## - BIBLIOGRAPHY, ETC. NOTE
Bibliography, etc ბიბლიოგრ. ტექსტ. შენიშვნ
653 ## - INDEX TERM--UNCONTROLLED
Uncontrolled term საერთაშორისო საჯარო სამართალი სახელმწიფო ტერიტორიები; სუვერენიტეტი
653 ## - INDEX TERM--UNCONTROLLED
Uncontrolled term სამართალი
700 ## - ADDED ENTRY--PERSONAL NAME
Personal name კუკულავა, გიორგი
Relator term თარგმანი
9 (RLIN) 7012
700 ## - ADDED ENTRY--PERSONAL NAME
Personal name მეუნარგია, სალომე
Relator term თარგმანი
9 (RLIN) 7013
700 ## - ADDED ENTRY--PERSONAL NAME
Personal name სირაძე, ეკა
Relator term თარგმანი
9 (RLIN) 7014
700 ## - ADDED ENTRY--PERSONAL NAME
Personal name გლურჯიძე, ერეკლე
Relator term თარგმანი
9 (RLIN) 7015
700 ## - ADDED ENTRY--PERSONAL NAME
Personal name ხიდაშელი, თინათინ
9 (RLIN) 7016
942 ## - ADDED ENTRY ELEMENTS (KOHA)
Koha item type წიგნი
Source of classification or shelving scheme
ეგზემპლარები
ჩამოწერის სტატუსი დაკარგული ეგზემპლარის სტატუსი კლასიფიკაციის წყარო ან თაროზე გაწყობის სქემა დაზიანების სტატუსი არ გაიცემა მუდმივი მდებარეობა (დაცვის ადგილი) ამჟამინდელი ადგილსამყოფელი თაროზე განთავსების ადგილი შეძენის თარიღი ღირებულება, შესყიდვის ნორმალური ფასი სრული შენახვის შიფრი შტრიხკოდი ბოლო ოპერაციის თარიღი ეგზემპლარის მიმდევრობითი ნომერი (კეტერი?) ფასის ძალაში შესვლის თარიღი ეგზემპლარის სახეობა საჯარო შენიშვნა
          ბათუმის შოთა რუსთაველის სახელმწიფო უნივერსიტეტის მთავარი ბიბლიოთეკა ბათუმის შოთა რუსთაველის სახელმწიფო უნივერსიტეტის მთავარი ბიბლიოთეკა წიგნსაცავი 2018-12-17 110.00 341.1/8 ბ-91 45557 2018-12-17 45557 2018-12-17 წიგნი 110 .00
          ბათუმის შოთა რუსთაველის სახელმწიფო უნივერსიტეტის მთავარი ბიბლიოთეკა ბათუმის შოთა რუსთაველის სახელმწიფო უნივერსიტეტის მთავარი ბიბლიოთეკა წიგნსაცავი 2018-12-17 110.00 341.1/8 ბ-91 45558 2018-12-17 45558 2018-12-17 წიგნი 110.00
          ბათუმის შოთა რუსთაველის სახელმწიფო უნივერსიტეტის მთავარი ბიბლიოთეკა ბათუმის შოთა რუსთაველის სახელმწიფო უნივერსიტეტის მთავარი ბიბლიოთეკა წიგნსაცავი 2018-12-17 110.00 341.1/8 ბ-91 53022 2018-12-17 53022 2018-12-17 წიგნი 110.00
          ბათუმის შოთა რუსთაველის სახელმწიფო უნივერსიტეტის მთავარი ბიბლიოთეკა ბათუმის შოთა რუსთაველის სახელმწიფო უნივერსიტეტის მთავარი ბიბლიოთეკა წიგნსაცავი 2023-02-08 15.00 341.1/8 ბ-91 63686 2023-02-08 63686 2023-02-08 წიგნი 15.00